书目信息 |
| 题名: |
教育的奇迹
|
|
| 作者: | 崔华芳 编著 | |
| 分册: | ||
| 出版信息: | 北京 北京工业大学出版社 2006.05 |
|
| 页数: | 264页 | |
| 开本: | 24cm | |
| 丛书名: | ||
| 单 册: | ||
| 中图分类: | G61 | |
| 科图分类: | ||
| 主题词: | 儿童教育--er tong jiao yu--研究 | |
| 电子资源: | ||
| ISBN: | 7-5639-1660-1 | |
| 000 | 00977nam0 2200241 450 | |
| 001 | 012007767616 | |
| 005 | 20070930100843.39 | |
| 010 | @a7-5639-1660-1@dCNY28.00 | |
| 100 | @a20070805d2006 km y0chiy0120 ea | |
| 101 | 0 | @achi |
| 102 | @aCN@b110000 | |
| 105 | @ay a 000yy | |
| 200 | 1 | @a教育的奇迹@Ajiao yu de qi ji@e把“笨小孩”培养成天才的12种方法@f崔华芳编著@Fcui hua fang bian zhu |
| 210 | @a北京@c北京工业大学出版社@d2006.05 | |
| 215 | @a264页@d24cm | |
| 320 | @a有书目 (第264页)。 | |
| 330 | @a本书介绍了把孩子培养成天才的12种方法。教育、培养孩子主要培养孩子的自信心、专注力、想象力、创造力和坚强的毅力。教育者(包括父母)必须用爱、用赏识、用鼓励,按孩子兴趣和天性,通过感官教育方式和音乐的手段 | |
| 517 | 1 | @a把“笨小孩”培养成天才的12种方法@Aba“ben xiao hai”pei yang cheng tian cai de 12 zhong fang fa |
| 606 | 0 | @a儿童教育@Aer tong jiao yu@x研究 |
| 690 | @aG61@v4 | |
| 701 | 0 | @a崔华芳@Acui hua fang@4编著 |
| 801 | 0 | @aCN@c20070930 |
| 905 | @dG61@eC969 | |
| 教育的奇迹:把“笨小孩”培养成天才的12种方法/崔华芳编著.-北京:北京工业大学出版社,2006.05 |
| 264页;24cm |
| ISBN 7-5639-1660-1:CNY28.00 |
| 本书介绍了把孩子培养成天才的12种方法。教育、培养孩子主要培养孩子的自信心、专注力、想象力、创造力和坚强的毅力。教育者(包括父母)必须用爱、用赏识、用鼓励,按孩子兴趣和天性,通过感官教育方式和音乐的手段 |
| ● |
| 相关链接 |
|
|
|
正题名:教育的奇迹
索取号:G61/C969
 
预约/预借
| 序号 | 登录号 | 条形码 | 馆藏地/架位号 | 状态 | 备注 |
| 1 | 256240 | 202562404 | 社科库409/409社科库 6排1列5层/ [索取号:G61/C969] | 在馆 | |
| 2 | 256241 | 202562413 | 社科库409/409社科库 6排1列5层/ [索取号:G61/C969] | 在馆 | |
| 3 | 256242 | 202562422 | 社科库409/400B社科库 22排3列2层/ [索取号:G61/C969] | 在馆 |